Bearing liminality, laboring white ink : pregnancy and childbirth in women's literature /

Bibliographic Details
Main Author: Cortés Vieco, Francisco José (Author)
Corporate Author: EBSCOhost
Format: eBook
Language:English
Published: Oxford ; New York : Peter Lang, [2021]
Series:Cultural identity studies ; volume 34.
Subjects:
Online Access:Connect to the full text of this electronic book

MARC

Tag First Indicator Second Indicator Subfields
LEADER 00000nam a2200000 i 4500
001 in00004651237
003 OCoLC
005 20210623101455.6
006 m do u
007 cr |||||||||||
008 201106t20212021enk ob 001 0 eng
010 |a  2020050324 
024 8 |a 99993240646 
040 |a DLC  |b eng  |e rda  |c DLC  |d OCLCO  |d OCLCF  |d YDX 
020 |a 9781800790162  |q mobi 
020 |a 1800790163  |q mobi 
020 |a 9781800790148  |q electronic book 
020 |a 1800790147  |q electronic book 
020 |a 9781800790155  |q electronic publication 
020 |a 1800790155  |q electronic publication 
020 |z 9781800790131  |q paperback 
035 |a (OCoLC)1204264316 
042 |a pcc 
050 4 |a PR111  |b .C669 2021 
082 0 0 |a 820.9/9287  |2 23 
100 1 |a Cortés Vieco, Francisco José,  |e author. 
245 1 0 |a Bearing liminality, laboring white ink :  |b pregnancy and childbirth in women's literature /  |c Francisco José Cortés Vieco. 
264 1 |a Oxford ;  |a New York :  |b Peter Lang,  |c [2021] 
264 4 |c ©2021 
300 |a 1 online resource ( xiv, 255 pages.) : 
336 |a text  |b txt  |2 rdacontent 
337 |a computer  |b n  |2 rdamedia 
338 |a online resource  |b nc  |2 rdacarrier 
490 1 |a Cultural identity studies ;  |v volume 34 
504 |a Includes bibliographical references and index. 
588 |a Description based on online resource; title from digital title page (viewed on June 23, 2021). 
650 0 |a English literature  |x Women authors  |x History and criticism. 
650 0 |a Pregnancy in literature. 
650 0 |a Childbirth in literature. 
650 0 |a Liminality in literature. 
650 0 |a Women and literature. 
650 0 |a Motherhood in literature. 
650 0 |a American literature  |x Women authors  |x History and criticism. 
650 7 |a American literature  |x Women authors.  |2 fast  |0 (OCoLC)fst00807271 
650 7 |a Childbirth in literature.  |2 fast  |0 (OCoLC)fst00854814 
650 7 |a English literature  |x Women authors.  |2 fast  |0 (OCoLC)fst00912218 
650 7 |a Liminality in literature.  |2 fast  |0 (OCoLC)fst00998875 
650 7 |a Motherhood in literature.  |2 fast  |0 (OCoLC)fst01026934 
650 7 |a Pregnancy in literature.  |2 fast  |0 (OCoLC)fst01075160 
650 7 |a Women and literature.  |2 fast  |0 (OCoLC)fst01177093 
655 7 |a Electronic books.  |2 local 
710 2 |a EBSCOhost 
776 1 8 |i Print version:  |a Cortés Vieco, Francisco José.  |t Bearing liminality, laboring white ink  |d Oxford ; New York : Peter Lang, [2021]  |z 9781800790131  |w (DLC) 2020050323 
830 0 |a Cultural identity studies ;  |v volume 34. 
856 4 0 |u http://proxy.library.tamu.edu/login?url=https://search.ebscohost.com/login.aspx?direct=true&scope=site&db=nlebk&db=nlabk&AN=2931099  |z Connect to the full text of this electronic book  |t 0 
945 |b 631942 
955 |a YBP purchased EBSCO DDA e-records 
980 |b ebook  |c 99993240646  |f DDA  |g 565702  |k USD  |m 119.59  |q 1  |s AcqMono Conventional  |t Demand driven acquisitions (DDA)  |u Vendor order reference number  |v ZYBP  |y PDA  |z Electronic resource 
999 f f |i 833bd868-d737-4d00-8703-3b8990183853  |s 5fe3717c-0c4f-477b-9527-a258fd0c7aec  |t 0 
952 f f |a Texas A&M University  |b College Station  |c Electronic Resources  |s www_evans  |d Available Online  |t 0  |e PR111 .C669 2021  |h Library of Congress classification